000
00341pab a2200145 454500
008
180718b2006 xxu||||| |||| 00| 0 eng d
100
_a
Venkateshwaran, L.
245
_a
Islamic fundamentalism - an analysis
260
_c
2006
300
_a
p.15-19.
362
_a
22 Jul
650
_a
Islamic law
773
_a
Mainstream
909
_a
70488
999
_c
70488
_d
70488